Biggest Cities that Start and End with the Same Letter - Statistics

General Stats
  • This quiz has been taken 84 times
  • The average score is 6 of 20
Answer Stats
Population City % Correct
1,140,000 Oslo
65%
4,675,000 Ankara
63%
3,475,000 Addis Ababa
60%
5,500,000 Atlanta
52%
2,825,000 Abuja
48%
4,575,000 Accra
48%
2,275,000 Warsaw
48%
5,150,000 Alexandria
32%
3,075,000 Orlando
29%
2,650,000 Tashkent
27%
2,050,000 Agra
19%
1,830,000 Liverpool
17%
1,160,000 Antalya
16%
1,680,000 Adana
14%
2,350,000 St. Louis
13%
2,875,000 Guiyang
8%
1,130,000 Kirkuk
5%
1,410,000 Sao Luis
5%
1,690,000 Santos
3%
1,300,000 Dhanbad
2%
No matching quizzes found
Score Distribution
Percent of People with Each Score
Percentile by Number Answered
Your Score History
You have not taken this quiz